00385nam a2200133Ia 4500008004100000040001300041050001000054245007500064260004400139300001000183500001900193700002200212999001700234150114 000 0 eng d aNG-ZaABU aZ 671 0aLibary & Anformation Science Abstracts /cedited by Nicholas L. Moore aLondon :bThe Library Associationc1980 a355p. aIncludes Index aMoore Nicholas L. c72809d72809